000
00324nam a2200121Ia 4500
008
241028s9999 xx 000 0 und d
041
_a
eng
082
_a
658.5 DIC
100
_a
Judy Dickens
245
_a
New Frontiers In Supply Chain Management
260
_b
Murphy & Moore Publishing
_a
USA
_c
2022
300
_a
242;. P. 28 cm
999
_c
42911
_d
42911